00716 2200241 4500001002100000005001700021008004100038020001800079035002400097082001100121090001800132100002800150245010000178260003900278300003100317500005100348650001100399700001700410850001500427980001100442985000600453999001500459YOGYA-0209000002607220090227024025.0 ind  a979-8965-53-7 0010-020900000026072 a616.81 a616.81bShi S aSHIMBERG, Elaine Fantle aStrokebapa yang seharusnya keluarga ketahuicElaine Fantle shimberg ; alih bahasa, Anne Rozana aJakartabPustaka Delapratasac1998 axiii, 230 hlmbilusc23 cm aJudul asli : strokes what families should know aStroke aRozana, Anne aYOPDYOG(B) a4-1-07 a1 a06A0018260